| 000 | 00447pab a2200145 454500 | ||
|---|---|---|---|
| 008 | 180718b xxu||||| |||| 00| 0 eng d | ||
| 100 | _aBhunia C.T. | ||
| 245 | _aInstitute-cum-industry: a new model for technical education | ||
| 362 | _a32(35), 29 Aug 1994, p.11-14 | ||
| 650 | _a Vocational Education -- India | ||
| 650 | _a Professional Education -- India | ||
| 650 | _aTechnical Education -- India | ||
| 773 | _aUniversity News | ||
| 909 | _a28073 | ||
| 999 |
_c28073 _d28073 |
||